[Event "Quebec-ch Intercoll"]
[Site "Montreal"]
[Date "1991.03.29"]
[Round "1"]
[White "Ghannoum, Marc"]
[Black "Chauvette, Daniel"]
[Result "1-0"]
[WhiteElo "1866"]
[BlackElo "1575"]
[PlyCount "45"]
[EventDate "1991.03.29"]
[EventType "swiss"]
[EventRounds "6"]
[EventCountry "CAN"]
[SourceTitle "EXT 2022"]
[Source "ChessBase"]
[SourceDate "2021.10.06"]
[SourceVersion "1"]
[SourceVersionDate "2021.10.06"]
[SourceQuality "1"]

1. d4 Nf6 2. Nf3 c5 3. c4 Ne4 4. Qc2 Qa5+ 5. Nbd2 Nd6 6. e4 g6 7. d5 Bg7 8. Bd3 Na6 9. a3 b5 10. cxb5 Nxb5 11. 0-0 0-0 12. Nc4 Qd8 13. Bg5 Rb8 14. Qd2 Nd4 15. Nxd4 Bxd4 16. d6 f6 17. dxe7 Qxe7 18. Bf4 Be5 19. Nxe5 fxe5 20. Bc4+ Kh8 21. Bg5 Qe8 22. f4 Nc7 23. Qd6 1-0